Living on the edge of chaos : leading schools into the global age (Record no. 63284)

000 -LEADER
fixed length control field 00584nam a22001937a 4500
003 - CONTROL NUMBER IDENTIFIER
control field NUST - PNEC
005 - DATE AND TIME OF LATEST TRANSACTION
control field 20170116180808.0
008 - FIXED-LENGTH DATA ELEMENTS--GENERAL INFORMATION
fixed length control field 150424b xxu||||| |||| 00| 0 eng d
020 ## - INTERNATIONAL STANDARD BOOK NUMBER
International Standard Book Number 0873894596
040 ## - CATALOGING SOURCE
Transcribing agency LIBRARY
082 ## - DEWEY DECIMAL CLASSIFICATION NUMBER
Classification number 371.2009 SNY
100 ## - MAIN ENTRY--PERSONAL NAME
9 (RLIN) 3173
Personal name Snyder, Karolyn J.
245 ## - TITLE STATEMENT
Title Living on the edge of chaos : leading schools into the global age
Statement of responsibility, etc. Karolyn J.Snyder
250 ## - EDITION STATEMENT
Edition statement -
260 ## - PUBLICATION, DISTRIBUTION, ETC.
Place of publication, distribution, etc. USA
Name of publisher, distributor, etc. American Society for Quality
Date of publication, distribution, etc. c2000.
300 ## - PHYSICAL DESCRIPTION
Extent 367 p. :
Dimensions 22 cm.
650 ## - SUBJECT ADDED ENTRY--TOPICAL TERM
9 (RLIN) 3174
Topical term or geographic name entry element School management and organization
General subdivision MIS, General
942 ## - ADDED ENTRY ELEMENTS (KOHA)
Source of classification or shelving scheme
Koha item type Book
Holdings
Withdrawn status Lost status Source of classification or shelving scheme Damaged status Not for loan Permanent Location Current Location Shelving location Date acquired Source of acquisition Cost, normal purchase price Total Checkouts Full call number Barcode Date last seen Cost, replacement price Price effective from Koha item type
          Pakistan Navy Engineering College (PNEC) Pakistan Navy Engineering College (PNEC)   02/21/2006 Donated by QM COMKAR 2210.00   371.2009 SNY PNECLIB-027898 04/24/2015 2210.00 02/21/2006 Book
© 2023 Central Library, National University of Sciences and Technology. All Rights Reserved.